00297nam a2200121Ia 4500008004100000041000800041082001400049100001800063245002200081260003200103300002900135365001100164240624s9999 xx 000 0 und d aeng a658.4 ECO aECONOMIST THE aWORLD OF BUSINESS c2010aNew DelhibViva Books ax, : 261 : p. : cm. ; 17 cRSb33